Statistiques concernant Les footballeurs français en 2024 (image)

Cliquez ici pour prendre le quiz!

Statistiques générales

  • Ce quiz a été pris 334 fois
  • Le résultat moyen est 18 sur 20

Statistiques - réponses

Réponse% Correct
Antoine Griezmann
100%
Kylian Mbappé
100%
Olivier Giroud
99%
Ousmane Dembélé
98%
Théo Hernandez
98%
Adrien Rabiot
96%
Lucas Hernandez
96%
Kingsley Coman
95%
Aurélien Tchouaméni
93%
Edouardo Camavinga
93%
Jules Koundé
93%
Mike Maignan
91%
Warren Zaïre-Emery
91%
Bradley Barcola
86%
Marcus Thuram
86%
Dayot Upamecano
84%
William Saliba
84%
Christopher Nkunku
83%
Ibrahima Konaté
80%
Moussa Diaby
72%

Distribution des résultats

Percentile par nombre de réponses

% des personnes avec chaque résultat

Votre développement - résultats

Vous n’avez pas pris ce quiz